000 00361nam a2200133Ia 4500
008 240624s9999 xx 000 0 und d
041 _aeng
082 _a658.4063 FRY
100 _aFRYDMAN BERT
245 _aPOWER OF COLLABORATIVE LEADERSHIP LESSON
260 _c2000
_aBoston
_bButterworth Heinemann
300 _axxxviii, : 285 : p. : cm. ; 23
365 _c
_b35
999 _c5802
_d5802